000 01117nam a2200265 i 4500
001 47455
003 ES-MaACL
005 20250223225144.0
007 t|
008 030428r20021932sp f |||| | spa
020 _a84-7522-947-6
080 _a821.134.2-14"19"(082.2)
245 0 0 _aPoesía española
_b: antología 1915-1931 /
_cUnamuno, Manuel y Antonio Machado, Juan Ramón Jiménez, Moreno Villa, Salinas, Guillén, Dámaso Alonso, G. Diego, García Lorca, Alberti, Villalón, Prados, Cernuda, Altolaguirre, Aleixandre, Larrea ; selección de sus obras publicadas e inéditas por Gerardo Diego.
260 _aMadrid :
_bVisor Libros,
_c[2002]
300 _a469 p., [16] h. de lám. ;
_c23 cm.
534 _pReprod. de la ed. de:
_cMadrid : Signo, 1932.
650 4 _aPoesías españolas-
_yS.XX.
_916221
650 4 _aGeneración del 27 (Literatura)
_913050
700 1 _aDiego, Gerardo,
_d1896-1987
_944545
_epbl
700 1 _aUnamuno, Miguel de,
_d1864-1936
_9111982
700 1 _aMachado, Manuel,
_d1874-1947
_975161
852 _aES-MaACL
_jL-26244
942 _2udc
999 _c47455
_d47455